| 000 | 004130000a22001810004500 | ||
|---|---|---|---|
| 003 | MACL | ||
| 005 | 20160124160637.0 | ||
| 008 | 160124b xxu||||| |||| 00| 0 eng d | ||
| 040 |
_aMACL _cMACL |
||
| 041 | _aEnglish | ||
| 082 | _a340/PUR | ||
| 100 |
_aPuri, G K _930212 |
||
| 245 | _aLaw | ||
| 260 |
_bIIms Publications _c2002 _aNew Delhi |
||
| 350 | _a400 | ||
| 650 |
_alaw _934585 |
||
| 942 |
_cBK _k340/pur _2ddc |
||
| 999 |
_c33180 _d33180 |
||